zpět

Detail výsledku týmu

Metro Music Pub, Most

Datum a čas kvízu

25 Celkem bodů Celkový počet nahraných bodů na tomto kvízu bez doplňovacích otázek.
5. Pořadí na kvízu Konečné umístění týmu na tomto kvízu.

Zaznamenané odpovědi

# Otázka Odpověď Body Výsledky
1. Europoslanci Pavel Telička a P... 1
2. Část historických královských... 0
3. Cenu Grammy za nejlepší rockov... 0
4. Společnost Google minulý týden... 0
5. Jak se jmenuje trenér, který v... 0
7. Kterou barvou je na mapě vyzna... 0
8. Díváme se na podobiznu bezespo... 0
9. Nejvyšší vodopád na světě najd... 0
10. Vzhledem k přírodním podmínkám... 0
41. Movember je celosvětová charit... 0